01001nam a2200229Ia 4500008004100000020002000041082001900061100003500080245006200115260004300177300001800220365002600238366000800264505002000272530000900292620018200301630006200483730006200545942000900607999001900616952013600635100315s9999 xx 000 0 und d a0-256-01398-5  b166 a658.4  a"Scott, W.E., Cummings, L.L. " aREADINGS IN ORGANIZATIONAL BEHAVIOR AND HUMAN PERFORMANCE aHomewood bRICHARD D.IRWIN  c1973  a"XII,611P  " eRupees d1 b0.00  f0  gTushar Jadhav  b-   a"Theoretical & Empirical Foundations of Organizational Behavior & Human Performance, Structural & Environmental Determinants of Behavior in Organization, Behavioral Direction " aREADINGS IN ORGANIZATIONAL BEHAVIOR AND HUMAN PERFORMANCE aREADINGS IN ORGANIZATIONAL BEHAVIOR AND HUMAN PERFORMANCE cBOOK c474901d474898 00104070aVPMBRIMSbVPMBRIMSd2005-12-05g0.00l0o658.4 /SCO/CUM  166 pVPMBRIMS-166 r2010-03-19 00:00:00w2010-03-19yBOOK